000
00241nam a2200097Ia 4500
008
120527s9999 xx 000 0 und d
100
_a
Lewisham,G.et al.
245
_a
Paediatric formulatory 3rd ed.
260
_b
Guys & st Thomas
942
_c
BK
999
_c
22427
_d
22427